Music Quiz

Random Music or Artist Quiz

Artists with Parallel Top 10 Hits Quiz Stats

 Plays Quiz Updated Jun 30, 2017

Challenge
Share
Tweet
Embed
Score 0/151 Timer 10:00
2 Plays Today
Year Artist % Correct
1983Michael Jackson
95.3%
1983Michael Jackson
95.3%
1964The Beatles
93.7%
1964The Beatles
93.7%
1964The Beatles
93.7%
1964The Beatles
93.7%
1964The Beatles
93.7%
1964The Beatles
93.7%
1964The Beatles
93.7%
1964The Beatles
93.7%
1964The Beatles
93.7%
1964The Beatles
93.7%
1966The Beatles
93.7%
1967The Beatles
93.7%
1969The Beatles
93.7%
2016Prince
90.6%
2009Lady Gaga
89.1%
2009Lady Gaga
89.1%
2009Lady Gaga
89.1%
1985Madonna
88.8%
2003Beyoncé
87.6%
2008Beyoncé
87.6%
1984Prince
85.6%
1984Prince
85.6%
2013Lady Gaga
84.9%
2010Katy Perry
83.8%
2011Katy Perry
83.8%
2011Katy Perry
83.8%
2014Taylor Swift
82.4%
2015Taylor Swift
82.4%
2006Justin Timberlake
81.4%
2013Justin Timberlake
81.4%
2009The Black Eyed Peas
80.1%
2009The Black Eyed Peas
80.1%
2010The Black Eyed Peas
80.1%
1978Bee Gees
79.2%
1978Bee Gees
79.2%
1978Bee Gees
79.2%
2014Justin Timberlake
79%
2008Rihanna
78.7%
2010Rihanna
78.7%
1993Whitney Houston
77.8%
1993Whitney Houston
77.8%
2006Rihanna
76.1%
2016Rihanna
75.7%
2005Kelly Clarkson
74.9%
2005Kelly Clarkson
74.9%
2008Britney Spears
73.8%
1993Mariah Carey
71.8%
1994Mariah Carey
71.8%
1995Mariah Carey
71.8%
Year Artist % Correct
1996Mariah Carey
71.8%
2005Mariah Carey
71.8%
2012Adele
71.7%
1998Usher
71.6%
2004Usher
71.6%
2004Usher
71.6%
2004Usher
71.6%
2010Usher
71.6%
2012Taylor Swift
71.6%
1958Elvis Presley
71%
1959Elvis Presley
71%
1961Elvis Presley
71%
2008TI
70.1%
2009Jay-Z
69.9%
200350 Cent
69.1%
200550 Cent
69.1%
200550 Cent
69.1%
2013Bruno Mars
68.3%
2014Lorde
66.4%
2010Eminem
66.2%
2010Ke$ha
65.3%
2003OutKast
61.9%
1982John Cougar
61.3%
2002Nelly
61.2%
2015Justin Bieber
60%
2015Justin Bieber
60%
2016Justin Bieber
60%
2010Bruno Mars
60%
2011LMFAO
58.4%
2000Santana
57.8%
2000Destiny's Child
57.6%
2004Destiny's Child
57.6%
1978Olivia Newton-John
57.5%
1964The Dave Clark Five
57.2%
2007Kanye West
57.2%
2008Kanye West
57.2%
2013Macklemore
56.3%
2014Nicki Minaj
54.9%
2017Ed Sheeran
52.7%
2014Meghan Trainor
50.7%
1994Boyz II Men
50.6%
1994Ace of Base
50.4%
1994Ace of Base
50.4%
2014Ariana Grande
48.3%
2014Ariana Grande
48.3%
2014Ariana Grande
48.3%
2014Ariana Grande
48.3%
2016The Weeknd
47.7%
2001Shaggy
47.4%
1964The Supremes
46.4%
1968The Supremes
46.4%
Year Artist % Correct
2008Lil Wayne
43.7%
2011Lil Wayne
43.7%
1992Hammer
43.5%
2010B.o.b
43.1%
1982The J. Geils Band
42.7%
1995TLC
41.8%
1979Donna Summer
41.7%
1979Donna Summer
41.7%
1980Diana Ross
41.6%
2008Chris Brown
41.4%
2008Chris Brown
41.4%
2009Flo Rida
41.1%
2014Iggy Azalea
38.8%
2007Timbaland
37.3%
2016The Chainsmokers
36.8%
2017The Chainsmokers
36.8%
2006Akon
35.3%
1981John Lennon
35.1%
2014Jason DeRulo
34.8%
2004Ciara
34.2%
2004Alicia Keys
33.9%
2016twenty one pilots
32.8%
2016Selena Gomez
31.8%
1998Monica
31.6%
2015Fetty Wap
30.3%
2015Fetty Wap
30.3%
2007T-Pain
30%
1993Bryan Adams
25.3%
2010Jay Sean
24.1%
1977Linda Ronstadt
23.6%
2003Chingy
23.4%
1965Herman's Hermits
22.2%
1958Ricky Nelson
21.7%
1959Ricky Nelson
21.7%
1961Ricky Nelson
21.7%
1980Barbra Streisand
20%
1968The Temptations
19.4%
2001Ja Rule
18.6%
1961The Shirelles
18.3%
1958The Everly Brothers
16.5%
1961The Everly Brothers
16.5%
2005The Game
15.9%
1979Commodores
14.6%
1989New Kids on the Block
13.5%
1959Connie Francis
11.6%
1960Brenda Lee
11.3%
1993SWV
9.9%
1996Keith Sweat
7.4%
2005Bow Wow
6.6%

You're not logged in!

Compare scores with friends on all Sporcle quizzes.
Join for Free
OR
Log In

You Might Also Like...

Show Comments

Extras

Top Quizzes Today


Score Distribution

Your Account Isn't Verified!

In order to create a playlist on Sporcle, you need to verify the email address you used during registration. Go to your Sporcle Settings to finish the process.

Report this User

Report this user for behavior that violates our Community Guidelines.

Details: